| 000 | 00767nam a22002054a 4500 | ||
|---|---|---|---|
| 008 | 870302s1971 spc 000 e spa|| | ||
| 035 |
_a0022-38860 _9ES-BaSLP035 |
||
| 040 |
_aES-BaSLP _bcat _cES-BaSLP |
||
| 080 | _a659(04) | ||
| 100 | 1 | _aVázquez Montalbán, Manuel | |
| 245 | 1 | 0 |
_aInforme sobre la información / _cManuel Vázquez Montalbán ; prólogos de Pedro Altares y Antonio Jutglar. |
| 250 | _a2a ed. ampliada. | ||
| 260 |
_aBarcelona : _bFontanella, _c1971. |
||
| 300 |
_a279 p. ; _c19 cm. |
||
| 490 | 1 | _aColección de base Fontanella | |
| 490 | 1 |
_aEdiciones de bolsillo / Fontanella ; _v124 |
|
| 650 | 4 |
_aInformació pública _xAssaigs, conferències, etc. |
|
| 830 | 0 |
_aEdiciones de bolsillo (Fontanella) ; _v124 |
|
| 830 | 0 | _aColección de base Fontanella | |
| 999 |
_c6854 _d6854 |
||